Industrial Law Journal (Record no. 1502)
[ view plain ]
| 000 -LEADER | |
|---|---|
| fixed length control field | 00467nam a22001697a 4500 |
| 005 - DATE AND TIME OF INPUT | |
| control field | 20240411095657.0 |
| 008 - DATA ELEMENTS--GENERAL INFORMATION | |
| fixed length control field | 240411b |||||||| |||| 00| 0 eng d |
| 022 ## - INTERNATIONAL STANDARD SERIAL NUMBER | |
| International Standard Serial Number | 0258249X |
| 041 ## - LANGUAGE CODE | |
| Language code of text | English |
| 082 ## - SHELF NUMBER | |
| DDC number | 349 IND |
| 100 ## - MAIN AUTHOR | |
| Language of a work | English |
| 245 ## - TITLE STATEMENT | |
| Title | Industrial Law Journal |
| 260 ## - PUBLICATION, DISTRIBUTION, ETC. | |
| Place of publication, distribution, etc. | Cape Town : |
| Name of publisher, distributor, etc. | Juta and Company Ltd, |
| Date of publication, distribution, etc. | 2017 |
| 300 ## - PHYSICAL DESCRIPTION | |
| Other physical details | vii, 278 pages ; |
| Dimensions | 25 cm. |
| 650 ## - SUBJECT` | |
| Broad subject | Legal practice |
| Own subject terms | Law |
| 942 ## - ADDED ENTRY ELEMENTS (KOHA) | |
| Item type | Books |
| 942 ## - ADDED ENTRY ELEMENTS (KOHA) | |
| -- | ALISON_BN_VRIES |
| Source of classification or shelving scheme | Not for loan | Collection code | Home library | Current library | Shelving location | Date acquired | Full call number | Barcode | Price effective from | Koha item type |
|---|---|---|---|---|---|---|---|---|---|---|
| Dewey Decimal Classification | SERIES | LAW SOCIETY OF NAMIBIA LIBRARY - WINDHOEK | LAW SOCIETY OF NAMIBIA LIBRARY - WINDHOEK | Industrial law journal | 04/11/2024 | 349 IND | LSN/2023/1283 | 04/11/2024 | Books | |
| Dewey Decimal Classification | SERIES | LAW SOCIETY OF NAMIBIA LIBRARY - WINDHOEK | LAW SOCIETY OF NAMIBIA LIBRARY - WINDHOEK | Industrial law journal | 04/11/2024 | 349 IND | LSN/2023/1284 | 04/11/2024 | Books | |
| Dewey Decimal Classification | SERIES | LAW SOCIETY OF NAMIBIA LIBRARY - WINDHOEK | LAW SOCIETY OF NAMIBIA LIBRARY - WINDHOEK | Industrial law journal | 04/11/2024 | 349 IND | LSN/2023/1285 | 04/11/2024 | Books | |
| Dewey Decimal Classification | SERIES | LAW SOCIETY OF NAMIBIA LIBRARY - WINDHOEK | LAW SOCIETY OF NAMIBIA LIBRARY - WINDHOEK | Industrial law journal | 04/11/2024 | 349 IND | LSN/2023/1286 | 04/11/2024 | Books | |
| Dewey Decimal Classification | SERIES | LAW SOCIETY OF NAMIBIA LIBRARY - WINDHOEK | LAW SOCIETY OF NAMIBIA LIBRARY - WINDHOEK | Industrial law journal | 04/11/2024 | 349 IND | LSN/2023/1287 | 04/11/2024 | Books | |
| Dewey Decimal Classification | SERIES | LAW SOCIETY OF NAMIBIA LIBRARY - WINDHOEK | LAW SOCIETY OF NAMIBIA LIBRARY - WINDHOEK | Industrial law journal | 04/11/2024 | 349 IND | LSN/2023/1288 | 04/11/2024 | Books | |
| Dewey Decimal Classification | SERIES | LAW SOCIETY OF NAMIBIA LIBRARY - WINDHOEK | LAW SOCIETY OF NAMIBIA LIBRARY - WINDHOEK | Industrial law journal | 04/11/2024 | 349 IND | LSN/2023/1289 | 04/11/2024 | Books | |
| Dewey Decimal Classification | SERIES | LAW SOCIETY OF NAMIBIA LIBRARY - WINDHOEK | LAW SOCIETY OF NAMIBIA LIBRARY - WINDHOEK | Industrial law journal | 04/11/2024 | 349 IND | LSN/2023/1290 | 04/11/2024 | Books | |
| Dewey Decimal Classification | SERIES | LAW SOCIETY OF NAMIBIA LIBRARY - WINDHOEK | LAW SOCIETY OF NAMIBIA LIBRARY - WINDHOEK | Industrial law journal | 04/11/2024 | 349 IND | LSN/2023/1291 | 04/11/2024 | Books | |
| Dewey Decimal Classification | SERIES | LAW SOCIETY OF NAMIBIA LIBRARY - WINDHOEK | LAW SOCIETY OF NAMIBIA LIBRARY - WINDHOEK | Industrial law journal | 04/11/2024 | 349 IND | LSN/2023/1292 | 04/11/2024 | Books | |
| Dewey Decimal Classification | SERIES | LAW SOCIETY OF NAMIBIA LIBRARY - WINDHOEK | LAW SOCIETY OF NAMIBIA LIBRARY - WINDHOEK | Industrial law journal | 04/11/2024 | 349 IND | LSN/2023/1293 | 04/11/2024 | Books |
